Nghệ thuật lôi cuốn đối phương trò chuyện trong 1 phút
Saved in:
| Main Author: | |
|---|---|
| Other Authors: | |
| Format: | Book |
| Language: | Vietnamese |
| Published: |
Hà Nội
Phụ nữ
2016
|
| Subjects: | |
| Tags: |
Add Tag
No Tags, Be the first to tag this record!
|
| Institutions: | Trung tâm Học liệu Lê Vũ Hùng, Trường Đại học Đồng Tháp |
|---|
| LEADER | 00830pam a22002418a 4500 | ||
|---|---|---|---|
| 001 | 00040759 | ||
| 005 | 20180122070111.0 | ||
| 008 | 141029s2014 ||||||viesd | ||
| 020 | # | # | |a 978 604 56 3634 3 |c 58000 |
| 041 | 0 | # | |a vie |
| 082 | 1 | 4 | |a 153.6 |b NGH250T |
| 100 | 1 | # | |a Takashi, Ishii |
| 245 | 1 | 0 | |c Takashi Ishii; Hồ Thị Mỹ Trang |a Nghệ thuật lôi cuốn đối phương trò chuyện trong 1 phút |
| 260 | # | # | |a Hà Nội |b Phụ nữ |c 2016 |
| 300 | # | # | |a 191 tr. |c 19 cm. |b ảnh màu |
| 653 | # | # | |a Giao tiếp |
| 653 | # | # | |a Kỹ năng sống |
| 653 | # | # | |a Tâm lí học |
| 653 | # | # | |a thành công |
| 700 | 1 | # | |a Hồ, Thị Mỹ Trang |
| 852 | # | # | |j KD.0023206 |j KM.0026491 |
| 910 | |d 22/01/2018 | ||
| 980 | # | # | |a Trung tâm Học liệu Lê Vũ Hùng, Trường Đại học Đồng Tháp |